Przedsiebiorstwo uslugowe w warunkach nierównowagi rynkowej

Na minha lista:
Detalhes bibliográficos
Formato: Livro
Idioma:polonês
Publicado em: Poznan Akademia ekon. 1982
Colecção:Zeszyty naukowe - Seria 1 zeszyt nr. 103
Tags: Adicionar Tag
Sem tags, seja o primeiro a adicionar uma tag!

MARC

LEADER 00000nam a2200000 4500
001 c134621
005 20140522100017.3
041 0 |a pol 
044 |a PL 
245 1 0 |a Przedsiebiorstwo uslugowe w warunkach nierównowagi rynkowej 
264 1 |a Poznan  |b Akademia ekon.  |c 1982 
300 |a 124 s. 
490 1 |a Zeszyty naukowe - Seria 1  |v zeszyt nr. 103 
830 0 |a Zeszyty naukowe - Seria 1  |v zeszyt nr. 103